Implementing the Water-Energy-Food- Ecosystems Nexus and Achieving the Sustainable Development Goals.

Bibliographic Details
Main Author: Carmona-Moreno, Cesar.
Other Authors: Crestaz, E., Cimmarrusti, Y., Farinosi, F., Biedler, M., Amani, A., Mishra, A., Carmona-Gutierrez, A.
Format: eBook
Language:English
Published: London : IWA Publishing, 2021.
Edition:1st ed.
Subjects:
Online Access:Click to View
LEADER 01758nam a22004453i 4500
001 EBC6978159
003 MiAaPQ
005 20231204023224.0
006 m o d |
007 cr cnu||||||||
008 231204s2021 xx o ||||0 eng d
020 |a 9781789062595  |q (electronic bk.) 
020 |z 9781789062588 
035 |a (MiAaPQ)EBC6978159 
035 |a (Au-PeEL)EBL6978159 
035 |a (OCoLC)1319225571 
040 |a MiAaPQ  |b eng  |e rda  |e pn  |c MiAaPQ  |d MiAaPQ 
082 0 |a 338.79091724 
100 1 |a Carmona-Moreno, Cesar. 
245 1 0 |a Implementing the Water-Energy-Food- Ecosystems Nexus and Achieving the Sustainable Development Goals. 
250 |a 1st ed. 
264 1 |a London :  |b IWA Publishing,  |c 2021. 
264 4 |c Ã2021. 
300 |a 1 online resource (210 pages) 
336 |a text  |b txt  |2 rdacontent 
337 |a computer  |b c  |2 rdamedia 
338 |a online resource  |b cr  |2 rdacarrier 
588 |a Description based on publisher supplied metadata and other sources. 
590 |a Electronic reproduction. Ann Arbor, Michigan : ProQuest Ebook Central, 2023. Available via World Wide Web. Access may be limited to ProQuest Ebook Central affiliated libraries.  
655 4 |a Electronic books. 
700 1 |a Crestaz, E. 
700 1 |a Cimmarrusti, Y. 
700 1 |a Farinosi, F. 
700 1 |a Biedler, M. 
700 1 |a Amani, A. 
700 1 |a Mishra, A. 
700 1 |a Carmona-Gutierrez, A. 
776 0 8 |i Print version:  |a Carmona-Moreno, Cesar  |t Implementing the Water-Energy-Food- Ecosystems Nexus and Achieving the Sustainable Development Goals  |d London : IWA Publishing,c2021  |z 9781789062588 
797 2 |a ProQuest (Firm) 
856 4 0 |u https://ebookcentral.proquest.com/lib/matrademy/detail.action?docID=6978159  |z Click to View